000 00299nam a22001337a 4500
008 171031b xxu||||| |||| 00| 0 eng d
020 _a9781884822629
041 _aeng
080 _a33
100 _a58
101 _aBUS
245 _aTHE FORBES BUSINESS QUOTATIONS
_cTED,G
942 _2udc
_cBK
999 _c36681
_d36681